Statistics for Double Trouble Capital Cities

Click here to take the quiz!

General Stats

  • This quiz has been taken 1,314 times
  • The average score is 34 of 40

Answer Stats

Hint Answer % Correct
Vissau / NaennaVienna
97%
Padon / LonrisParis
97%
London
96%
Wartiago / sansawWarsaw
96%
Nassau
95%
Baberra / CankuCanberra
95%
Athens
94%
Wellgetown / BridingtonWellington
94%
Santiago
94%
Kabul
94%
Lisbon
94%
Musjing / BeicatMuscat
94%
Beijing
94%
Karana / TibulTirana
93%
Linila / MamaManila
93%
Lima
92%
Athlin / BerensBerlin
92%
Skoma / LepjeSkopje
92%
Monorica / PodgacoMonaco
91%
Asbon / LisuncionAsuncion
91%
Baku
90%
Podgorica
90%
Bridgetown
90%
Asiro / CamaraCairo
88%
Beinoi / HarutBeirut
87%
Hanoi
86%
Tehran
84%
Asmara
83%
Tehlin / RandubDublin
81%
Minrab / SkatMinsk
78%
Rabat
78%
Male
77%
Ricara / GacasCaracas
73%
Conakry
70%
Riga
68%
Cracon / AcakryAccra
64%
Chisinau
60%
Painau / LikirchisPalikir
56%
Bedo / DomarnBern
55%
Dodoma
55%

Score Distribution

Percentile by Number Answered

Percent of People with Each Score

Your Score History

You have not taken this quiz